000 00500nam a2200181Ia 4500
999 _c28687
_d28687
003 OSt
005 20201223122902.0
008 190216s9999||||xx |||||||||||||| ||und||
020 _a8130003244
040 _coclc
082 _a894.8128
_bSUR/N
100 _aSurendran, K
_96420
245 0 _aNovelswaroopam /
_cK Surendran
260 _bPoorna Publication,
_c2006.
_aKozhikode:
300 _a192p
650 _aPadanam
942 _cBK
_2ddc
_h894.8128
_iSUR/N
_k894.8128
_mSUR/N